[Event "Rottach Egern Seniors Cup 10th"]
[Site "Rottach Egern"]
[Date "2022.03.31"]
[Round "6"]
[White "Walter, Mario E"]
[Black "Brunner, Helmut"]
[Result "1/2-1/2"]
[WhiteElo "1872"]
[BlackElo "2032"]
[PlyCount "27"]
[EventDate "2022.03.26"]
[EventType "swiss"]
[EventRounds "9"]
[EventCountry "GER"]
[SourceTitle "CBM 207 Extra"]
[Source "ChessBase"]
[SourceDate "2022.05.31"]
[SourceVersion "1"]
[SourceVersionDate "2022.05.31"]
[SourceQuality "1"]

1. Nf3 Nf6 2. g3 g6 3. b3 Bg7 4. Bb2 0-0 5. c4 c5 6. Nc3 Nc6 7. Bg2 d6 8. 0-0 Rb8 9. d4 cxd4 10. Nxd4 Bd7 11. Nd5 Nxd5 12. cxd5 Nxd4 13. Bxd4 Bxd4 14. Qxd4 1/2-1/2